000 00837nam a2200229Ii 4500
003 JO-AjNU
008 230605s9999||||xx |||||||||||||| ||und||
017 _a3539/9/2012
020 _a978-9957-92-017-3
040 _aJO-AjNU
_bara
_erda
_cJO-AjNU
041 _aara
050 1 4 _aHA32.W34.2013
100 3 _aWagner,lll،William/ترجمة ذياب البداينه,
_eauthor
_943215
245 0 0 _aاستخدام الSPSSفي طرق البحث والاحصاء الاجتماعي=Using IBM SPSS Statistics for Research Methods and Social Science Statistics
250 _aط1
264 3 1 _aعمان:دار الفكر ناشرون وموزعون
300 _a254ص
336 _atext
_btxt
_2rdacontent
337 _aunmediated
_bn
_2rdamedia
338 _avolume
_bnc
_2rdacarrier
650 4 _aطرق البحث-احصاء
_943216
999 _aA18563
_c22131
_d22131